000 01110cam a22003377a 4500
003 CHAP
005 20220329135649.0
008 971013s1982 mx r 00010 spa d
010 _a40156
011 _a41128
020 _a9688231150
035 _a45254
040 _cCHAP
082 _a500
_bF5
100 0 0 _aFlores, Edmundo.
_941802
245 1 3 _aLa ciencia y la tecnología en México
_c/por Edmundo Flores
260 _aMéxico, D.F. :
_bCONACYT,
_c1982
300 _a135 p. :
_bgráfs.
590 _aBATCH-UPD
_b10
_c20130110
_lUCH01
_h0010
590 _aBATCH-UPD
_b10
_c20130110
_lUCH01
_h1208
590 _aBATCH-UPD
_b10
_c20130410
_lUCH01
_h0748
590 _aBATCH-UPD
_b10
_c20130914
_lUCH01
_h0933
590 _aCONVERSION
_b10
_c20130109
_lUCH01
_h1322
650 1 4 _aCiencia.
_923107
650 1 4 _aTecnología.
_9111937
901 _aBK
942 _cLIBRO
949 _a500 F5
_bBC
_cLIBRO
_d33724000442174
_eLIBRO
_h68398
_i45254
_si
949 _a500 F5
_bBC
_cLIBRO
_d33724000442190
_eLIBRO
_fc.2
_h68399
_i45254
_si
949 _a500 F5
_bBC
_cLIBRO
_d33724002248165
_eLIBRO
_fc.3
_gDonaciØn
_h155050
_i45254
_sb
999 _c40156
_d40156